International money and finance / (Record no. 1763)

MARC details
000 -LEADER
fixed length control field 00499pam a2200169 4500
001 - CONTROL NUMBER
control field 2224
005 - DATE AND TIME OF LATEST TRANSACTION
control field 20181127164757.0
008 - FIXED-LENGTH DATA ELEMENTS--GENERAL INFORMATION
fixed length control field 841016s1985 nyua b 001 0 eng
010 ## - LIBRARY OF CONGRESS CONTROL NUMBER
LC control number 84022551
020 ## - INTERNATIONAL STANDARD BOOK NUMBER
International Standard Book Number 0060444177
100 1# - MAIN ENTRY--PERSONAL NAME
Personal name Melvin, Michael,
Dates associated with a name 1948-
245 10 - TITLE STATEMENT
Title International money and finance /
Statement of responsibility, etc. Michael Melvin.
260 ## - PUBLICATION, DISTRIBUTION, ETC.
Place of publication, distribution, etc. New York :
Name of publisher, distributor, etc. Harper & Row,
Date of publication, distribution, etc. c1985.
300 ## - PHYSICAL DESCRIPTION
Extent xiii, 200 p. :
Other physical details ill. ;
Dimensions 25 cm.
504 ## - BIBLIOGRAPHY, ETC. NOTE
Bibliography, etc. note Includes bibliographies and index.
650 #0 - SUBJECT ADDED ENTRY--TOPICAL TERM
Topical term or geographic name entry element International finance.
Holdings
Withdrawn status Lost status Source of classification or shelving scheme Damaged status Not for loan Collection code Home library Current library Shelving location Serial Enumeration / chronology Inventory number Total Checkouts Full call number Barcode Date last seen Price effective from Koha item type
    Dewey Decimal Classification     Main TEST RTC Library RTC Library Main opac 1044   332.042 MEL 30001702 27/11/2018 27/11/2018 Main
Royal Thimphu College || All Right Reserved